El coronel don Tomás de Figueroa: estudio crítico según documentos inéditos sobre la vida de este jefe i el primer motín militar que acaudilló en la plaza de Santiago el 1§ de abril de 1811, i su proceso. Por Benjamín Vicuña Mackenna. Con un apéndice de documentos inéditos sobre la Junta de 1810 i las campañas de Figueroa en los llanos de Valdivia
Na minha lista:
| Autor principal: | |
|---|---|
| Formato: | Livro |
| Idioma: | espanhol |
| Publicado em: |
Santiago
Rafael Jover, editor, calle del Puente, Núm. 15-D
1884
|
| Edição: | 1a. ed |
| Assuntos: | |
| Tags: |
Adicionar Tag
Sem tags, seja o primeiro a adicionar uma tag!
|
MARC
| LEADER | 00000nam a2200000 a 4500 | ||
|---|---|---|---|
| 001 | UCJ5734 | ||
| 003 | CL-VaPUC | ||
| 008 | 070124e18840000CL |||||||||||||||||spa|d | ||
| 082 | 0 | 4 | |a 983 |b VIC |2 21 |
| 100 | |a Vicuña Mackenna, Benjamín, |d 1831-1886 |x Político e historiador |z Chile |e author |9 374 | ||
| 245 | 1 | 3 | |a El coronel don Tomás de Figueroa: estudio crítico según documentos inéditos sobre la vida de este jefe i el primer motín militar que acaudilló en la plaza de Santiago el 1§ de abril de 1811, i su proceso. Por Benjamín Vicuña Mackenna. Con un apéndice de documentos inéditos sobre la Junta de 1810 i las campañas de Figueroa en los llanos de Valdivia |
| 250 | |a 1a. ed | ||
| 300 | |a 144 p | ||
| 942 | |c BK | ||
| 945 | |d 20070124 00:00:00 |a rinostro | ||
| 260 | |a Santiago |b Rafael Jover, editor, calle del Puente, Núm. 15-D |c 1884 | ||
| 500 | |a Benelli, en su Bibliografía General de Vicuña Mackenna, cita a esta obra, bajo el número 107, como publicada en 1885; sin embargo en la portada aparece consignado el año 1884. Apéndices documentales | ||
| 600 | 0 | 7 | |a FIGUEROA, TOMAS DE |2 CL-VaPUC |9 443731 |
| 600 | 0 | 7 | |a GARCIA CARRASCO, FRANCISCO ANTONIO |2 CL-VaPUC |9 509785 |
| 600 | 0 | |a Henríquez, Camilo |9 337912 | |
| 600 | 0 | 7 | |a MARTINEZ DE ROSAS, JUAN |2 CL-VaPUC |9 443672 |
| 650 | 0 | |a Historia de Chile |9 265473 | |
| 650 | 0 | |a Guerra de la independencia |9 331979 | |
| 650 | 0 | |a Patria Vieja |9 380238 | |
| 650 | 7 | |a BIOGRAFIA |2 CL-VaPUC |9 504622 | |
| 650 | 7 | |a DOCUMENTOS |2 CL-VaPUC |9 366450 | |
| 583 | |a last modification |c 20070124 00:00:00 |k Rodrigo Vera | ||
| 999 | |c 321843 |d 321841 | ||
| 952 | |0 0 |1 0 |4 0 |6 983_000000000000000_VIC_1884 |7 0 |8 X |9 400706 |a FDOBUD |b FDOBUD |d 2019-11-22 |i 103877K |o 983 VIC 1884 |p 103877K |r 2019-11-22 |w 2019-11-22 |y BK_X |k BUD | ||